Регионална библиотека "Любен Каравелов" - Русе

Адресник-календар (Запис номер 148654)

MARC детайли
000 -Лидер
Контролно поле с фиксирана дължина 02097nam a2200469 a 4500
003 - Код на организацията, давaща контролен номер
Контролно поле BLK
005 - Дата и час на последна редакция
Контролно поле 20250122133017.0
008 - Елементи от данни с фиксирана дължина
fixed length control field 180410b bul|||||r ||||||| ||bul||
010 ## - Наследен системен номер
LC control number KNG00154878000
040 ## - Източник на каталожния запис
Идентификатор на билиотеката - собственик на записа BLK
041 ## - Код за език
Код за езика на текст/звукозапис или на отделно заглавие Български
Код за езика КДБФ Български
072 #7 - Код за тематичната категория
Код организация bullib
Код за тематична категория К
Текст Краезнание
080 ## - УДК
Текстов определител УДК Алманаси. Календари. Отраслови календари се класифицират по тема с определител (059). Вж и 529
УДК код - определител по УДК 059
УДК - код + определител 059
100 1# - Редна дума - Автор
Автор Пармаков, Симеон Пантелеев
Дати, свързани с автора 1906-1966
R(LIN) 309689
139 ## - Редно поле
Редна дума Пармаков, Симеон Пантелеев
Авторски знак Пар - П 22
245 10 - Сведения за заглавието
Заглавие Адресник-календар
Подзаглавни данни Русе, Габрово, Разград и др. : Г. I -
Редно поле (дума) Симеон Пантелеев Пармаков.
Том Г. 1
257 ## - Страна на издаване
Страна на създаване/издаване България
260 ## - Област на издателските данни
Място на издаване, разпространение и проч. Русе
Година на издаване 1936
Печатница Русе : печ. Русен. ехо на Славейко Петров
300 ## - Физическа характеристика
Страници 83 с.
Размери/Мащаб 17 см
380 ## - Жанр
Жанр Общ отдел
500 ## - Общи забележки
Забележка Кор. Браншов адресник с телефонен указател. Русе, София, Габрово, Разград
650 #4 - Допълнително описание по предмет – тема
Основно описание – тема или топоним Русе - справочници
9 (RLIN) 278825
651 #4 - Допълнително описание по предмет - топоним
Географско понятие България
9 (RLIN) 241624
651 #4 - Допълнително описание по предмет - топоним
Географско понятие Русе
9 (RLIN) 179462
651 #4 - Допълнително описание по предмет - топоним
Географско понятие Габрово
9 (RLIN) 178735
651 #4 - Допълнително описание по предмет - топоним
Географско понятие Разград
9 (RLIN) 179427
653 ## - Ключова дума – ненормативна
Ключова дума Русе
653 ## - Ключова дума – ненормативна
Ключова дума справочници
653 ## - Ключова дума – ненормативна
Ключова дума Календар
659 ## - Тематичен бюлетин
Тематичен бюлетин К
760 1# - Описание на основната серия
Редна дума на основното описание Пармаков, Симеон Пантелеев
Място на издаване, издател и година 1936
Страници - том 83 с.
Заглавие Г. 1
852 ## - Местоположение
Форматна сигнатура Цб І 12607
852 ## - Местоположение
Форматна сигнатура К 0/П 22 С
856 4# - Електронен адрес и достъп
Електронен формат pdf - файл
Инструкция (цена за достъп) 0.00
Права за достъп Достъп само през служебен интерфейс
Име на файл Адресник-календар
Път до файла /url/ http://185.138.176.146:18082/cgi-bin/koha/opac-retrieve-file.pl?id=3adb65c5eb35496ac215b1dcc957128f
Допълнителна информация (Корица, съдържание, пълен текст, звуков файл, HTML файл) Електронна книга
Информация за съдържанието Адресник-календар
856 4# - Електронен адрес и достъп
Електронен формат pdf - файл
Инструкция (цена за достъп) 0.00
Права за достъп disable
999 ## - СИСТЕМНИ КОНТРОЛНИ НОМЕРА
Koha biblionumber 148654
Koha biblioitemnumber 148654
942 ## - АРТИКУЛИ
Вид на библиотечния материал Книги
Скрит в OPAC Не
Периодичен библиозапис Да
Koha issues (borrowed), all copies 2
944 ## - СЪЗДАВАНЕ И РЕДАКЦИЯ на ЗАПИСА
Създаване/Редакция Създаване
Дата на регистрацията/редакция 20.12.2013
Статус, дата на статуса Валя Йорданова
Служител, извършил регистрацията/редакцията 30558
944 ## - СЪЗДАВАНЕ И РЕДАКЦИЯ на ЗАПИСА
Създаване/Редакция Редакция
Дата на регистрацията/редакция 20.12.2013
Статус, дата на статуса 20.12.2013 - от С1,Р / 20.12.2013
999 ## - СИСТЕМНИ КОНТРОЛНИ НОМЕРА
Koha biblioitemnumber 148654
999 ## - СИСТЕМНИ КОНТРОЛНИ НОМЕРА
Koha biblioitemnumber 148654
999 ## - СИСТЕМНИ КОНТРОЛНИ НОМЕРА
Koha biblioitemnumber 148654
Наличности
Код за отписване Код за изгубен артикул Източник на класификационната схема Код за повреда Коз за рестрикции Код за отдаване Артикулен № Име на библиотеката - собственик Име на библиотеката, в която се намира в момента Статус (Текущо местоположение) Дата на вписване в системата Местоположение - отдел Цена в лева Инвентарен номер Систематично азбучна сигнатура Баркод Номер на екземпляра Цена в евро Служебна бележка Служебен тип на артикула
  Не е изгубен Universal Decimal Classification Не е повреден без рестрикции ползва се в читалня 247552 Регионална библиотека "Любен Каравелов" Русе Регионална библиотека "Любен Каравелов" Русе Краезнание 1936-01-01 Краезнание 1.00 378764 К 0/П 22 С 120000378764 1 0.51 N: Сф Дата: 01.01.1936 Дата инв: 08.11.2017 Бележки инв: К2017 Книги
Vip Innovations Ltd, Rousse, Bulgaria 2025